Rainbow Six Siege maps (2024) - Estadísticas

Estadísticas generales
  • Esta prueba ha sido intentada 42 veces
  • La puntuación promedio es 7 de 24
Estadísticas de respuestas
Respuesta % Correcto
Chalet
69%
Oregon
58%
House
56%
Border
50%
Bank
44%
Favela
44%
Kanal
44%
Clubhouse
42%
Plane
33%
Consulate
31%
Emerald Plains
31%
Skyscraper
31%
Tower
28%
Villa
28%
Theme Park
25%
Lair
22%
Coastline
19%
Nighthaven Labs
19%
Outback
17%
Hereford Base
14%
Kafe Dostoyevski
14%
Stadium Bravo
8%
Yacht
8%
Fortress
6%
No se encontraron pruebas coincidentes
Distribución de puntuación
Porcentaje de gente con cada puntuación
Porcentaje por número respondido
Historial de tus puntuaciones
No has intentado esta prueba.